01153nam a22001817a 4500003001000000005001700010008004100027040001400068041000700082100001700089245005100106260003200157300001200189500004400201520069500245650001400940654001700954IT-MiCISF20210503154105.0210503b ||||| |||| 00| 0 eng d cIT-MiCISF ait aScarsi Paola aOltre il Covid. 365 idee per superare la crisi aGenovabErga Edizionic2020 app. 137 asocietà, malattia, esperienze, lavoro aQuesto libro racconta il genio e la creatività italici, la capacità innata di far fronte alle difficoltà e di superarle in maniera semplice, singolare, innovativa. Intuizione? Fortuna? Impegno? Ultima chance? Passione? Abilità? Rischio? Momento giusto? Un pizzico di ciascun ingrediente ha permesso a tante imprese grandi e piccole di fronteggiare la crisi da coronavirus. Questo primo catalogo di soluzioni impresa è un antistress, un sostegno, un impulso e un personalissimo work in progress che inizia dagli spazi lasciati bianchi nel libro - per appuntare le proprie idee - e prosegue in rete nel blog dedicato. Perché anche il lettore, come loro, può innovare e riuscire. asocietà adivulgazione